Normal view
MARC view
Entry Personal Name
001 - CONTROL NUMBER
- control field: 39889
003 - CONTROL NUMBER IDENTIFIER
- control field: ARRUPE
005 - DATE AND TIME OF LATEST TRANSACTION
- control field: 20180228160042.0
008 - FIXED-LENGTH DATA ELEMENTS
- fixed length control field: 180228|| aca||aabn | a|a d
040 ## - CATALOGING SOURCE
- Original cataloging agency: ARRUPE
- Transcribing agency: ARRUPE
100 ## - HEADING--PERSONAL NAME
- Personal name: Tlou, Thomas
670 ## - SOURCE DATA FOUND
- Source citation: Work cat.: (ARRUPE)14514: Tlou, Thomas, History of Botswana /, 1984